000 00485nam a2200181Ia 4500
005 20250326143234.0
008 250326s9999 xx 000 0 und d
037 _aTextbook
040 _aFMSL
_beng
_cFMSL
041 _aeng
_2eng
084 _aX:8Dg P1
_qFMSL
100 _aDay A L
_9747679
245 0 _aMastering ficial modelling
_cDay A L
260 _aLondon
_bLondon, Prentice Hall
_c2001
300 _a370p
942 _cTB
_hX:8Dg P1
999 _c1298732
_d1298732